[Event "World Youth Open U16 2016"]
[Site "Khanty-Mansiysk RUS"]
[Date "2016.10.02"]
[Round "10.22"]
[White "Mesaros, Florian"]
[Black "German, Nikita"]
[Result "1/2-1/2"]
[WhiteTitle "FM"]
[WhiteElo "2321"]
[BlackElo "2106"]
[WhiteFideId "1629220"]
[BlackFideId "24175501"]
[EventDate "2016.09.22"]

1. Nf3 Nf6 2. g3 g6 3. b3 Bg7 4. Bb2 d6 5. d4 O-O 6. Bg2 Nbd7 7. O-O e5 8. dxe5
Ng4 9. Qd2 Ngxe5 10. c4 a5 11. Nc3 a4 12. Nd4 Nc5 13. Nd5 Bd7 14. f4 Ng4 15. b4
a3 16. Bc3 Na4 17. h3 Nf6 18. Rad1 Nxc3 19. Nxc3 c6 20. Kh2 Qb6 21. b5 Rfd8 22.
Qd3 Qc5 23. Bf3 d5 24. cxd5 Nxd5 25. Ne4 Qb6 26. Ng5 Ra4 27. Nc2 Nc3 28. Rd2
Qxb5 29. Qxb5 cxb5 30. Bxb7 h6 31. Nf3 Ra7 32. Bc6 Rc7 33. Bxd7 Rcxd7 34. Rxd7
Rxd7 35. Nxa3 b4 36. Nc2 Nxa2 37. Rb1 Rc7 38. Nfd4 Rc4 39. e3 Bf8 40. Kg2 Nc3
41. Rb3 Kg7 42. Kf3 h5 43. Rb2 Nd1 44. Rb1 Nc3 45. Re1 Na2 46. Na1 Nc1 47. Nab3
Nxb3 48. Nxb3 Rc3 49. Rb1 Kf6 50. Nd2 Ke6 51. Ne4 Rc4 52. Rb3 Be7 53. Nd2 Rc3
54. Ke2 1/2-1/2

[Event "World Youth Open U16 2016"]
[Site "Khanty-Mansiysk RUS"]
[Date "2016.10.02"]
[Round "10.23"]
[White "Tifferet, Shaked"]
[Black "Yordanov, Lachezar"]
[Result "0-1"]
[WhiteTitle "FM"]
[WhiteElo "2220"]
[BlackElo "2300"]
[WhiteFideId "2811529"]
[BlackFideId "2918927"]
[EventDate "2016.09.22"]

1. e4 c6 2. Nc3 d5 3. Nf3 Bg4 4. h3 Bxf3 5. Qxf3 e6 6. d3 Be7 7. Qg3 g6 8. Be2
Nd7 9. h4 h5 10. Bg5 Bxg5 11. hxg5 Ne7 12. O-O-O d4 13. Nb1 Qa5 14. a3 Rf8 15.
Nd2 b5 16. Qh2 Qb6 17. g4 hxg4 18. Bxg4 O-O-O 19. Qd6 c5 20. Qxb6 axb6 21. Rh7
e5 22. Rdh1 Rde8 23. R1h6 Kd8 24. Rg7 f6 25. Bxd7 Kxd7 26. Rhxg6 fxg5 27. f3 Rh8
28. Rxg5 Ke6 29. Rg1 Ref8 30. b3 Rh2 31. R7g2 Rh3 32. Kb2 Ra8 33. Rf1 Rf8 34.
Rfg1 Ra8 35. Rg3 Rh2 36. R1g2 Rh1 37. Nb1 Rf8 38. Rf2 Rh4 39. Nd2 Ra8 40. Rg7
Rh1 41. Nf1 Rf8 42. Rg4 Rf7 43. f4 Rxf4 44. Rfxf4 exf4 45. Rxf4 Ng6 46. Rf2 Ne5
47. Ng3 Rd1 48. Nh5 Ng4 49. Nf4+ Ke5 50. Ng6+ Kd6 51. Rf4 Ne3 52. e5+ Kc6 53.
Rf6+ Kb7 54. Rf7+ Ka6 55. e6 Rg1 56. c3 Rg2+ 57. Kb1 dxc3 58. e7 c2+ 59. Kb2 Rg1 0-1

[Event "World Youth Open U16 2016"]
[Site "Khanty-Mansiysk RUS"]
[Date "2016.10.02"]
[Round "10.25"]
[White "Savic, Mihailo S"]
[Black "Banzea, Alexandru-Bogdan"]
[Result "0-1"]
[BlackTitle "FM"]
[WhiteElo "2067"]
[BlackElo "2284"]
[WhiteFideId "919934"]
[BlackFideId "1232622"]
[EventDate "2016.09.22"]

1. e4 e6 2. d4 d5 3. Nc3 Nf6 4. e5 Nfd7 5. f4 c5 6. Nf3 Nc6 7. Be3 Be7 8. Qd2
O-O 9. g3 a6 10. Bh3 b5 11. O-O cxd4 12. Nxd4 Nxd4 13. Bxd4 b4 14. Ne2 a5 15.
Rf2 f5 16. exf6 Nxf6 17. Bxf6 Bxf6 18. Nd4 Bxd4 19. Qxd4 e5 20. Qxe5 Bxh3 21.
Rd1 Re8 22. Qh5 Be6 23. f5 Bf7 24. Qg4 Qf6 25. Rdf1 Re4 26. Qf3 Rae8 27. Kg2 d4
28. Qd3 Bd5 29. Kg1 Re3 30. Qb5 Qe5 31. Rf4 Re2 32. R1f2 Re1+ 33. Rf1 Qe3+ 34.
Rf2 Qe4 0-1

[Event "World Youth Open U16 2016"]
[Site "Khanty-Mansiysk RUS"]
[Date "2016.10.02"]
[Round "10.26"]
[White "Roshka, Yevgeniy"]
[Black "Doluweera, Minul Sanjula"]
[Result "1-0"]
[BlackTitle "CM"]
[WhiteElo "2275"]
[BlackElo "2127"]
[WhiteFideId "14129558"]
[BlackFideId "9910760"]
[EventDate "2016.09.22"]

1. e4 c6 2. d3 d5 3. Nd2 e5 4. Ngf3 Bd6 5. g3 Nf6 6. Bg2 Bg4 7. h3 Bh5 8. O-O
O-O 9. c3 Nbd7 10. Qc2 a5 11. Re1 Re8 12. Nf1 dxe4 13. dxe4 Nc5 14. g4 Bg6 15.
Ng3 Qc7 16. Nh4 Ne6 17. Nhf5 Bc5 18. Be3 Nd7 19. Rad1 Nf4 20. Rxd7 Qxd7 21. Bxc5
Rad8 22. Be3 Bxf5 23. exf5 Nxg2 24. Kxg2 Qd5+ 25. Ne4 Qxa2 26. f6 g6 27. Bb6 Rd7
28. Qc1 1-0

[Event "World Youth Open U16 2016"]
[Site "Khanty-Mansiysk RUS"]
[Date "2016.10.02"]
[Round "10.27"]
[White "Lintner, Igor"]
[Black "Den Hartog, Marijn"]
[Result "1-0"]
[WhiteElo "2065"]
[BlackElo "2190"]
[WhiteFideId "14932970"]
[BlackFideId "1046098"]
[EventDate "2016.09.22"]

1. e4 e6 2. d4 d5 3. Nc3 Bb4 4. e5 Ne7 5. f4 b6 6. Nf3 Ba6 7. Bxa6 Nxa6 8. Qd3
Nb8 9. Bd2 Bxc3 10. Bxc3 c5 11. O-O-O c4 12. Qe2 Nbc6 13. g4 b5 14. f5 Nc8 15.
Be1 b4 16. Kb1 h6 17. fxe6 fxe6 18. g5 Nb6 19. gxh6 Rxh6 20. Qg2 Qc7 21. Rg1
O-O-O 22. Bd2 Qb7 23. Bxh6 gxh6 24. Qg6 Na4 25. Qxe6+ Kb8 26. Qxh6 Nc3+ 27. Ka1
Nxa2 28. Kxa2 b3+ 29. Kb1 bxc2+ 30. Kxc2 Qb3+ 31. Kd2 Nb4 32. Ke2 Rc8 33. Rd2
Nd3 34. Qd6+ Ka8 35. Qxd5+ Kb8 36. Qd6+ Ka8 37. e6 1-0

[Event "World Youth Open U16 2016"]
[Site "Khanty-Mansiysk RUS"]
[Date "2016.10.02"]
[Round "10.28"]
[White "Garbowski, Jakub"]
[Black "Carnicelli, Valerio"]
[Result "1-0"]
[WhiteElo "2030"]
[BlackElo "2329"]
[WhiteFideId "1164929"]
[BlackFideId "856185"]
[EventDate "2016.09.22"]

1. e4 e5 2. Nf3 Nc6 3. Bb5 f5 4. Nc3 fxe4 5. Nxe4 d5 6. Nxe5 dxe4 7. Nxc6 Qg5 8.
Qe2 Nf6 9. f4 Qxf4 10. d4 Qh4+ 11. g3 Qh3 12. Ne5+ c6 13. Bc4 Be6 14. Bf4 O-O-O
15. O-O-O Bd6 16. a4 Bc7 17. a5 Rhe8 18. a6 b5 19. Bxb5 cxb5 20. Qxb5 Bd5 21.
Nc6 Bxf4+ 22. gxf4 Kc7 23. Nxd8 Rxd8 24. c4 Bc6 25. Qc5 Qe3+ 26. Kb1 Nd7 27.
Qa5+ Kc8 28. d5 Ba8 29. c5 Nxc5 30. d6 Ne6 31. Qe5 Rd7 32. f5 1-0

[Event "World Youth Open U16 2016"]
[Site "Khanty-Mansiysk RUS"]
[Date "2016.10.02"]
[Round "10.29"]
[White "Svidersky, Nikita"]
[Black "Shkurkin, Andrey"]
[Result "1-0"]
[BlackTitle "FM"]
[WhiteElo "1979"]
[BlackElo "2190"]
[WhiteFideId "13513133"]
[BlackFideId "34179647"]
[EventDate "2016.09.22"]

1. e4 c5 2. c3 g6 3. Bc4 e6 4. Nf3 Bg7 5. O-O Ne7 6. d4 cxd4 7. cxd4 d5 8. exd5
exd5 9. Bb3 O-O 10. Ne5 Nbc6 11. Nxc6 Nxc6 12. Nc3 Be6 13. Be3 Rc8 14. Qd2 Re8
15. Ba4 a6 16. Bxc6 Rxc6 17. Na4 Qc8 18. Rac1 Rxc1 19. Rxc1 Qd8 20. Qb4 Bc8 21.
Qb6 Qd7 22. b3 Qg4 23. Qc5 Qe2 24. Nc3 Qb2 25. Nxd5 Bd7 26. h3 Qxa2 27. Qd6 Be6
28. Nc7 Bf8 29. Qf4 Re7 30. d5 Bf5 31. g4 Re4 32. Qf3 Qxb3 33. gxf5 Re5 34. fxg6
hxg6 35. Qg3 Rf5 1-0

[Event "World Youth Open U16 2016"]
[Site "Khanty-Mansiysk RUS"]
[Date "2016.10.02"]
[Round "10.30"]
[White "Kalinouski, Siarhei"]
[Black "Donoso Diaz, Sebastian"]
[Result "0-1"]
[BlackTitle "FM"]
[WhiteElo "2169"]
[BlackElo "2005"]
[WhiteFideId "13507060"]
[BlackFideId "3416097"]
[EventDate "2016.09.22"]

1. e4 c5 2. Nf3 d6 3. d4 cxd4 4. Nxd4 Nf6 5. Nc3 g6 6. Be3 Bg7 7. f3 O-O 8. Qd2
Nc6 9. g4 Nxd4 10. Bxd4 Be6 11. h4 Qa5 12. h5 Rfc8 13. a3 b5 14. hxg6 fxg6 15.
b4 Qc7 16. Nd5 Qxc2 17. Qxc2 Rxc2 0-1

[Event "World Youth Open U16 2016"]
[Site "Khanty-Mansiysk RUS"]
[Date "2016.10.02"]
[Round "10.31"]
[White "Bold, Khosbayar"]
[Black "Mohammad, Fahim"]
[Result "0-1"]
[WhiteElo "1926"]
[BlackElo "2090"]
[WhiteFideId "4903692"]
[BlackFideId "10206248"]
[EventDate "2016.09.22"]

1. e4 c5 2. Nf3 e6 3. d4 cxd4 4. Nxd4 Nf6 5. Bd3 Nc6 6. Nb3 d5 7. exd5 exd5 8.
O-O Be7 9. Bf4 O-O 10. Nc3 Be6 11. Re1 Rc8 12. Nb5 Re8 13. N5d4 Bg4 14. Qd2 Nxd4
15. Nxd4 Bc5 16. Nb3 Bb6 17. Rxe8+ Qxe8 18. h3 Bh5 19. Re1 Ne4 20. Bxe4 dxe4 21.
Qd5 Bg6 22. c3 Qe7 23. Be3 Rd8 24. Qc4 Bc7 25. Bg5 Qe5 26. Bxd8 Qh2+ 27. Kf1 Bh5
28. g4 Qxh3+ 29. Ke2 Qxg4+ 30. Ke3 Qf4+ 31. Kd4 e3+ 32. Kc5 Bd6+ 33. Kb5 a6+ 0-1

[Event "World Youth Open U16 2016"]
[Site "Khanty-Mansiysk RUS"]
[Date "2016.10.02"]
[Round "10.32"]
[White "Voinikonis, Nikita"]
[Black "Min, Po-Yen"]
[Result "1-0"]
[WhiteElo "2055"]
[BlackElo "1842"]
[WhiteFideId "34187500"]
[BlackFideId "16300203"]
[EventDate "2016.09.22"]

1. e4 e6 2. d4 d5 3. Nd2 Nf6 4. e5 Nfd7 5. Bd3 c5 6. c3 Nc6 7. Ne2 cxd4 8. cxd4
f6 9. exf6 Nxf6 10. Nf3 Bd6 11. O-O Qc7 12. Nc3 a6 13. Bd2 O-O 14. Rc1 Bd7 15.
Re1 Rae8 16. g3 Qb8 17. Bb1 e5 18. dxe5 Nxe5 19. Nxe5 Bxe5 20. Bg5 Ng4 21. Rf1
h6 22. Qxd5+ Be6 23. Qe4 hxg5 24. Qh7+ Kf7 25. Qh5+ Ke7 26. Qxg5+ Bf6 27. Nd5+
Kd8 28. Nxf6 gxf6 29. Rfd1+ Ke7 30. Qc5+ Kf7 31. Qh5+ Ke7 32. Bg6 Rc8 33. Qh7+
Bf7 34. Bxf7 Rxf7 35. Qe4+ Ne5 36. f4 Rxc1 37. Rxc1 Kf8 38. fxe5 fxe5 39. Rf1
Rxf1+ 40. Kxf1 Qc7 41. Kg2 b5 42. a3 Qb8 43. Qc6 a5 44. Kf3 Kg7 45. Ke4 b4 46.
Qd7+ Kg8 47. Qg4+ Kf7 48. Qf5+ Kg8 49. Qxe5 1-0

[Event "World Youth Open U16 2016"]
[Site "Khanty-Mansiysk RUS"]
[Date "2016.10.02"]
[Round "10.33"]
[White "Thilakarathne, G M S"]
[Black "Riess, Alexander"]
[Result "0-1"]
[BlackTitle "FM"]
[WhiteElo "1900"]
[BlackElo "2227"]
[WhiteFideId "9913475"]
[BlackFideId "12953326"]
[EventDate "2016.09.22"]

1. e4 e6 2. d4 d5 3. Bd3 Nf6 4. e5 Nfd7 5. Nf3 c5 6. c3 Nc6 7. a3 a5 8. O-O Be7
9. g3 O-O 10. h4 f6 11. Re1 fxe5 12. dxe5 c4 13. Bc2 Qb6 14. Be3 Qxb2 15. Ng5
Bxg5 16. hxg5 Ndxe5 17. Kg2 Qxa1 18. Bxh7+ Kxh7 19. f4 Qb2+ 20. Re2 Qb5 21. fxe5
d4 22. cxd4 Qd5+ 23. Kg1 Nxe5 24. Rh2+ Kg8 25. Nc3 Nf3+ 26. Kg2 Qf5 27. Rh5 Bd7
28. Qh1 Bc6 29. d5 Bxd5 30. Nxd5 Qxd5 31. Rh8+ Kf7 32. g6+ Ke7 0-1

[Event "World Youth Open U16 2016"]
[Site "Khanty-Mansiysk RUS"]
[Date "2016.10.02"]
[Round "10.34"]
[White "Zamar Kodelja, Jurij"]
[Black "Hiebert, Kenji"]
[Result "1-0"]
[WhiteElo "2126"]
[BlackElo "2066"]
[WhiteFideId "14609649"]
[BlackFideId "7001959"]
[EventDate "2016.09.22"]

1. d4 Nf6 2. Nf3 e6 3. g3 b6 4. Bg2 Bb7 5. O-O Be7 6. c4 O-O 7. Nc3 Ne4 8. Qc2
Nxc3 9. Qxc3 c5 10. Bf4 cxd4 11. Qxd4 d6 12. Qd2 Qc7 13. Rac1 Nd7 14. Rfd1 e5
15. Bg5 f6 16. Be3 Rfd8 17. Ne1 Bxg2 18. Nxg2 Qb7 19. f3 Nc5 20. Bf2 e4 21. f4
Ne6 22. Ne3 Nc7 23. Qd4 Rd7 24. f5 Bf8 25. b4 Rad8 26. Nd5 Nxd5 27. cxd5 Re7 28.
Be3 Re5 29. Bf4 Rxf5 30. Qxe4 Rh5 31. Qe6+ Kh8 32. Rc6 Qd7 33. Rdc1 f5 34. Rc8 1-0

[Event "World Youth Open U16 2016"]
[Site "Khanty-Mansiysk RUS"]
[Date "2016.10.02"]
[Round "10.35"]
[White "Petersen, Caleb"]
[Black "D'Avino, Gianfranco"]
[Result "1/2-1/2"]
[WhiteElo "1884"]
[BlackElo "2085"]
[WhiteFideId "2622734"]
[BlackFideId "884979"]
[EventDate "2016.09.22"]

1. e4 e6 2. d4 d5 3. Nc3 Bb4 4. e5 c5 5. a3 Bxc3+ 6. bxc3 Ne7 7. Qg4 Qc7 8. Bd3
cxd4 9. Ne2 Nbc6 10. Bf4 Ng6 11. Bg3 dxc3 12. f4 Bd7 13. O-O O-O-O 14. Rab1 f5
15. exf6 e5 16. Bf5 gxf6 17. Nxc3 Nd4 18. Bxd7+ Qxd7 19. Qxd7+ Rxd7 20. fxe5
fxe5 21. Rf2 e4 22. Rd2 Nf5 23. Rxd5 Rxd5 24. Nxd5 Rd8 25. Rd1 Nxg3 26. hxg3 Ne5
27. Kf2 Nc4 28. a4 Rd6 29. Rd4 Nb2 30. Ke3 Nxa4 31. Ne7+ Kd7 32. Rxa4 Kxe7 33.
Rxa7 Rb6 34. Ra4 Rc6 35. Rxe4+ Kf6 1/2-1/2

[Event "World Youth Open U16 2016"]
[Site "Khanty-Mansiysk RUS"]
[Date "2016.10.02"]
[Round "10.36"]
[White "Sezdbekov, Arzybek"]
[Black "Zubehhin, Aleksei"]
[Result "1-0"]
[WhiteElo "1861"]
[BlackElo "1866"]
[WhiteFideId "13802046"]
[BlackFideId "4503554"]
[EventDate "2016.09.22"]

1. e4 c5 2. Nc3 d6 3. Nf3 Nf6 4. d4 cxd4 5. Nxd4 g6 6. Be2 Bg7 7. Be3 O-O 8. Qd2
Bd7 9. O-O Nc6 10. f4 a6 11. Bf3 Rc8 12. Rad1 Ng4 13. Nxc6 bxc6 14. Bd4 Bxd4+
15. Qxd4 Rb8 16. h3 Nh6 17. g4 f6 18. b3 Nf7 19. a4 Qa5 20. Ne2 Rfd8 21. Qc4 Kg7
22. h4 e6 23. g5 fxg5 24. hxg5 Qb4 25. Qxa6 Qc5+ 26. Rf2 e5 27. Qd3 exf4 28. Bg2
Qxg5 29. Rxf4 Ne5 30. Qg3 Qh5 31. Rd2 Bg4 32. Nd4 g5 33. Rxg4 Qxg4 34. Qxg4 Nxg4
35. Nxc6 Rbc8 36. Nxd8 Rxd8 37. a5 Ra8 38. b4 Ne3 39. Kf2 Nxg2 40. Kxg2 Ra6 41.
Rd5 Rc6 42. Rxg5+ Kh6 43. Rd5 Rxc2+ 44. Kf3 Rc6 45. b5 Rc3+ 46. Kf4 Ra3 47. a6
Ra5 48. Rxd6+ Kh5 49. Rd5+ 1-0

[Event "World Youth Open U16 2016"]
[Site "Khanty-Mansiysk RUS"]
[Date "2016.10.02"]
[Round "10.37"]
[White "Poleg, Dan"]
[Black "Van Der Lingen, Cornelis Petrus"]
[Result "1-0"]
[WhiteElo "2321"]
[BlackElo "1826"]
[WhiteFideId "2812398"]
[BlackFideId "14306620"]
[EventDate "2016.09.22"]

1. Nf3 Nf6 2. b3 g6 3. Bb2 Bg7 4. g3 O-O 5. Bg2 d5 6. O-O Nbd7 7. c4 Nb6 8. d3
c6 9. Qc2 Bf5 10. Nbd2 Qc8 11. Rfe1 Qd8 12. Rad1 Bg4 13. h3 Bxf3 14. Nxf3 e6 15.
e4 Rc8 16. a4 Rc7 17. b4 Rd7 18. c5 Nc8 19. Qb1 Ne7 20. Ne5 Rc7 21. Qa1 Ne8 22.
f4 Bxe5 23. Bxe5 Rd7 24. Bb2 h6 25. b5 Qc8 26. Rc1 Kh7 27. Qa3 1-0

[Event "World Youth Open U16 2016"]
[Site "Khanty-Mansiysk RUS"]
[Date "2016.10.02"]
[Round "10.38"]
[White "Anaskin, Arsenij"]
[Black "Chumak, Dmitrii"]
[Result "1-0"]
[WhiteElo "2153"]
[BlackElo "1791"]
[WhiteFideId "357790"]
[BlackFideId "34106658"]
[EventDate "2016.09.22"]

1. e4 e5 2. Nf3 Nc6 3. Bc4 Bc5 4. O-O Nf6 5. d3 h6 6. c3 d6 7. h3 O-O 8. Nbd2
Be6 9. Re1 a6 10. b4 Ba7 11. a4 Qd7 12. Nf1 b5 13. Bxe6 fxe6 14. Be3 Bxe3 15.
Nxe3 Kh8 16. Re2 d5 17. exd5 exd5 18. Rea2 d4 19. axb5 Nxb4 20. cxb4 dxe3 21.
Nxe5 Qf5 22. f4 Kh7 23. Qf3 Nh5 24. Qxe3 Nxf4 25. bxa6 Qg5 26. Kh2 Rfe8 27. Qe4+
g6 28. d4 Ne6 29. Ra5 h5 30. Rf1 Rf8 31. Nf7 Qe7 32. Rxh5+ Kg7 33. Qe5+ 1-0

[Event "World Youth Open U16 2016"]
[Site "Khanty-Mansiysk RUS"]
[Date "2016.10.02"]
[Round "10.40"]
[White "Khodashneli, Shota"]
[Black "Wang, Ting-Hao"]
[Result "1-0"]
[WhiteElo "1926"]
[BlackElo "1618"]
[WhiteFideId "13616757"]
[BlackFideId "16300602"]
[EventDate "2016.09.22"]

1. e4 d5 2. exd5 Nf6 3. c4 c6 4. Nc3 cxd5 5. cxd5 Nxd5 6. Bc4 Nxc3 7. Qb3 e6 8.
dxc3 Nc6 9. Nf3 Bc5 10. Bg5 Qb6 11. Qc2 Be7 12. Bxe7 Nxe7 13. O-O Bd7 14. Ne5
Bc6 15. Rad1 Qc7 16. Rfe1 O-O 17. Rd3 Bd5 18. Bxd5 Nxd5 19. Rh3 h6 20. Qe4 Qd8
21. Rd3 Qa5 22. Rg3 Ne7 23. Nd7 Rfe8 24. Nf6+ Kf8 25. Qh7 Ng6 26. Rxg6 fxg6 27.
Qg8+ Ke7 28. Qxe6+ Kd8 29. Qd7# 1-0

[Event "World Youth Open U16 2016"]
[Site "Khanty-Mansiysk RUS"]
[Date "2016.10.02"]
[Round "10.41"]
[White "Maerevoet, Sim"]
[Black "Marais, Daniel"]
[Result "1/2-1/2"]
[WhiteElo "1771"]
[BlackElo "1850"]
[WhiteFideId "241725"]
[BlackFideId "14309440"]
[EventDate "2016.09.22"]

1. e4 e5 2. Nf3 Nc6 3. d4 exd4 4. Bb5 a6 5. Bxc6 dxc6 6. Qxd4 Qxd4 7. Nxd4 Bc5
8. Be3 Nf6 9. f3 Bd7 10. Nd2 O-O-O 11. N2b3 Bb6 12. c4 Rhe8 13. c5 Ba7 14. Kf2
a5 15. a4 b6 16. Rac1 Kb7 17. Rc2 Ng8 18. Rhc1 Ne7 19. Nd2 f5 20. Nc4 fxe4 21.
fxe4 Rf8+ 22. Kg1 h6 23. Ne5 Rf6 24. Rf2 bxc5 25. Nb3 Re6 26. Nd3 Rxe4 27. Bxc5
Be6 28. Bxa7 Kxa7 29. Ndc5 Re5 30. Nxe6 Rxe6 31. Nxa5 Rd4 32. Nb3 Rb4 33. Nc5
Re3 34. b3 Nd5 35. Rf7 g5 36. Rh7 Nc3 1/2-1/2

[Event "World Youth Open U16 2016"]
[Site "Khanty-Mansiysk RUS"]
[Date "2016.10.02"]
[Round "10.42"]
[White "Plaza Reino, Agustin"]
[Black "Van der Meer, Anthony"]
[Result "1-0"]
[WhiteElo "1891"]
[BlackElo "1073"]
[WhiteFideId "32083483"]
[BlackFideId "15200760"]
[EventDate "2016.09.22"]

1. e4 e5 2. Nf3 Nc6 3. d4 exd4 4. Nxd4 Bc5 5. Nb3 Bb6 6. Nc3 Qf6 7. Qe2 Nge7 8.
Be3 d6 9. O-O-O O-O 10. f3 Be6 11. g4 Ng6 12. g5 Bxe3+ 13. Qxe3 Qf4 14. Qxf4
Nxf4 15. Ne2 Nxe2+ 16. Bxe2 Rad8 17. f4 f5 18. gxf6 Rxf6 19. Rdf1 Rdf8 20. f5
Bxb3 21. axb3 Ne5 22. Bc4+ Kh8 23. Be6 Ng4 24. Rhg1 Nxh2 25. Rf2 Nf3 26. Rxf3
Rxe6 27. fxe6 Rxf3 28. e7 1-0

[Event "World Youth Open U16 2016"]
[Site "Khanty-Mansiysk RUS"]
[Date "2016.10.03"]
[Round "11.1"]
[White "Martirosyan, Haik M."]
[Black "Tran, Minh Thang"]
[Result "1/2-1/2"]
[WhiteTitle "IM"]
[BlackTitle "FM"]
[WhiteElo "2470"]
[BlackElo "2293"]
[WhiteFideId "13306553"]
[BlackFideId "12401080"]
[EventDate "2016.09.22"]

1. Nf3 Nf6 2. c4 b6 3. d4 e6 4. g3 Bb7 5. Bg2 Be7 6. O-O O-O 7. Nc3 Ne4 8. Bd2
Bf6 9. Ne5 Nxc3 10. Bxc3 Bxg2 11. Kxg2 d6 12. Ng4 Nd7 13. e4 e5 14. d5 Qe7 15.
b4 a5 16. a3 axb4 17. axb4 Rxa1 18. Qxa1 h5 19. Ne3 Rb8 20. Qa4 Qd8 21. Ra1 Bg5
22. Bd2 h4 23. Qc6 Rc8 24. Ra7 g6 25. Qb7 Nf6 26. f3 Kg7 27. Qc6 Nd7 28. Kf2 Bh6
29. Ke2 hxg3 30. hxg3 Nf6 31. Be1 Nh5 32. Nf1 Qg5 33. Qd7 Qc1 34. Kf2 Rf8 35.
Rxc7 Nxg3 36. Nxg3 Qe3+ 37. Kf1 Qxf3+ 38. Bf2 Be3 39. Nf5+ gxf5 40. Qxf5 Qd1+
41. Kg2 Bxf2 42. Qg5+ 1/2-1/2

[Event "World Youth Open U16 2016"]
[Site "Khanty-Mansiysk RUS"]
[Date "2016.10.03"]
[Round "11.2"]
[White "Livaic, Leon"]
[Black "Triapishko, Olexandr"]
[Result "1/2-1/2"]
[WhiteTitle "FM"]
[WhiteElo "2436"]
[BlackElo "2458"]
[WhiteFideId "14531534"]
[BlackFideId "14122286"]
[EventDate "2016.09.22"]

1. d4 d5 2. c4 c6 3. Nf3 e6 4. Nc3 dxc4 5. a4 Bb4 6. e3 b5 7. Bd2 a5 8. axb5
Bxc3 9. Bxc3 cxb5 10. b3 Bb7 11. bxc4 b4 12. Bb2 Nf6 13. Bd3 O-O 14. O-O Nbd7
15. Re1 Qc7 16. c5 Be4 17. Bxe4 Nxe4 18. Nd2 Nxd2 19. Qxd2 Qc6 20. e4 Rfd8 21.
Rac1 Nf6 22. f3 Rab8 23. Rc4 h6 24. Ra1 Qb5 25. Rac1 Qc6 26. Ra1 Rb5 27. Rac1
Rb7 28. Rd1 Qb5 29. Rcc1 Rc8 30. Qf4 Rbc7 31. Kh1 a4 32. d5 Rxc5 33. Rxc5 Qxc5
34. Bxf6 gxf6 35. dxe6 Qc2 36. exf7+ Kxf7 37. Qd6 Re8 1/2-1/2

[Event "World Youth Open U16 2016"]
[Site "Khanty-Mansiysk RUS"]
[Date "2016.10.03"]
[Round "11.3"]
[White "Maghsoodloo, Parham"]
[Black "Fakhrutdinov, Timur"]
[Result "1-0"]
[BlackTitle "FM"]
[WhiteElo "2566"]
[BlackElo "2419"]
[WhiteFideId "12539929"]
[BlackFideId "24176702"]
[EventDate "2016.09.22"]

1. c4 Nf6 2. Nf3 e6 3. g3 d5 4. Bg2 Be7 5. O-O O-O 6. d4 dxc4 7. Qc2 a6 8. a4
Bd7 9. Qxc4 Bc6 10. Bg5 Bd5 11. Qd3 Be4 12. Qd1 h6 13. Bxf6 Bxf6 14. Nc3 Bxf3
15. Bxf3 c6 16. e3 a5 17. Qb3 Qd7 18. Rad1 Na6 19. Bg4 Nb4 20. f4 g6 21. Bf3
Rad8 22. g4 Bg7 23. Kh1 Qe7 24. Ne4 Nd5 25. Rde1 b6 26. f5 c5 27. Nc3 Nxe3 28.
Rxe3 cxd4 29. Re2 dxc3 30. bxc3 Rd6 31. c4 Qd7 32. Be4 exf5 33. gxf5 g5 34. Bd5
Rf6 35. Qb5 Qxb5 36. axb5 Rd6 37. Re7 Bd4 38. Kg2 Kg7 39. Rc7 Rf6 40. Rd1 Bc5
41. Be6 h5 42. h3 Rh6 43. Rdd7 Kf6 44. Rc6 Ke5 45. Bxf7 Rd6 46. Re7+ Kxf5 47.
Rxc5+ bxc5 48. Bxh5 Rd2+ 49. Kg3 Rd3+ 50. Kg2 Kf4 51. Re2 Rfd8 52. Rf2+ Ke5 53.
Rf7 Rb3 54. Rf2 Rd4 55. Bg6 Rf4 56. Ra2 g4 57. h4 g3 58. Rxa5 Rf2+ 59. Kg1 Rc3
60. Ra1 Rxc4 61. h5 Kf6 62. Bd3 Rh4 63. b6 Rb2 64. Rf1+ Ke7 65. Re1+ Kd6 66. Re3
Rxb6 67. Bg6 Rbb4 68. Rxg3 Rb2 69. Rg2 Rb3 70. Rh2 Rg4+ 71. Kf2 c4 72. Rh1 Rf4+
73. Ke2 Rg4 74. Kf2 Kc5 75. Bb1 Rd4 76. Ke2 c3 77. Bg6 Rb6 78. Rc1 Rd2+ 79. Ke3
Re6+ 80. Kf4 Kd4 81. Kg5 Rg2+ 82. Kh6 Re5 83. Kh7 Re7+ 84. Kg8 Rc7 85. Kf8 Ke5
86. Ke8 Kf6 87. Kf8 Rc8+ 88. Be8 Re2 89. Rf1+ Kg5 90. Rg1+ Kf4 91. Rf1+ Kg3 1-0

[Event "World Youth Open U16 2016"]
[Site "Khanty-Mansiysk RUS"]
[Date "2016.10.03"]
[Round "11.4"]
[White "Costachi, Mihnea"]
[Black "Tahbaz, Arash"]
[Result "1-0"]
[WhiteTitle "FM"]
[WhiteElo "2420"]
[BlackElo "2420"]
[WhiteFideId "1217518"]
[BlackFideId "12528846"]
[EventDate "2016.09.22"]

1. d4 g6 2. c4 Bg7 3. Nc3 d6 4. e4 Nd7 5. Be2 e5 6. d5 Ne7 7. h4 h5 8. Be3 Bh6
9. Bxh6 Rxh6 10. Nh3 Ng8 11. Ng5 Ngf6 12. Qd2 Rh8 13. O-O-O Qe7 14. b4 a5 15.
Nb5 Nb8 16. f4 Na6 17. Rdf1 Rf8 18. c5 axb4 19. cxd6 cxd6 20. fxe5 Qxe5 21. Qb2
Nd7 22. Nh7 Rh8 23. Nxd6+ Ke7 24. Nxf7 Qxb2+ 25. Kxb2 Rxh7 26. d6+ Ke8 27. Ng5
Rg7 28. Ne6 Rg8 29. Bb5 Ra7 30. Rc1 Kf7 31. Bc4 Nb6 32. Ng5+ Kg7 33. Bxg8 Nc5
34. Bb3 Nd3+ 35. Ka1 Nxc1 36. Rxc1 1-0

[Event "World Youth Open U16 2016"]
[Site "Khanty-Mansiysk RUS"]
[Date "2016.10.03"]
[Round "11.5"]
[White "Kevlishvili, Robby"]
[Black "Gholami, Aryan"]
[Result "1-0"]
[WhiteTitle "FM"]
[BlackTitle "FM"]
[WhiteElo "2402"]
[BlackElo "2435"]
[WhiteFideId "1040634"]
[BlackFideId "12513342"]
[EventDate "2016.09.22"]

1. e4 c5 2. Nf3 e6 3. b3 b6 4. Bd3 Bb7 5. O-O Nc6 6. Re1 d6 7. Bf1 Be7 8. Bb2
Nf6 9. d4 cxd4 10. Nxd4 O-O 11. Nxc6 Bxc6 12. Nc3 a6 13. a4 Qc7 14. Qd2 Bb7 15.
Bd3 Nd7 16. Ne2 Nc5 17. Ng3 Nxd3 18. Qxd3 Rfd8 19. Nh5 e5 20. Ng3 d5 21. Nf5 Bf8
22. exd5 Rxd5 23. Qg3 f6 24. Ne3 Rd2 25. Red1 Rad8 26. Rxd2 Rxd2 27. Rc1 Qc6 28.
Nc4 Re2 29. Kf1 Re4 30. Rd1 h5 31. Qf3 h4 32. h3 Qc7 33. Qd3 Rf4 34. Qd7 Qc5 35.
Rd2 Bc8 36. Qe8 Rxc4 37. bxc4 Qxc4+ 38. Kg1 Bb7 39. Rd8 Qe4 40. Qxf8+ Kh7 41.
Qh8+ Kg6 42. Qe8+ Kg5 43. Bc1+ Kf5 44. Qd7+ Kg6 45. Qg4+ 1-0